| 000 | 00707nam a2200217Ia 4500 | ||
|---|---|---|---|
| 003 | GCL | ||
| 008 | 140319s9999 xx 000 0 ara d | ||
| 040 |
_aGCL / _cGCL |
||
| 082 | 0 | 4 |
_a956.1 _bع ن |
| 100 | 1 | _aعبدالرازق عباس حسين | |
| 245 | 1 | 0 |
_aنشاة مدن العراق وتطورها / _cعبدالرازق عباس حسين |
| 260 |
_a[S.N] : _bمعهد البحوث والدراسات العربية ، _c1973 |
||
| 300 | _a114 ص | ||
| 490 | _a | ||
| 650 | 0 | 4 | _aتاريخ |
| 650 | 0 | 4 | _aالعراق |
| 650 | 0 | 4 | _aالمدن |
| 650 | 0 | 4 | _aالعالم الاسلامى - 1917-640م |
| 650 | 0 | 4 | _aالامبراطورية العثمانية (1917-1640م) |
| 942 |
_2ddc _cBK |
||
| 999 |
_c27701 _d27701 |
||